Peregrinus von Oppeln (gest. um 1333) als Exeget
| Titel: | Peregrinus von Oppeln (gest. um 1333) als Exeget |
|---|---|
| Verfasser: | |
| In: |
Oberschlesisches Jahrbuch, Band 9 (1993), Seite 25-39 alle Artikel anzeigen |
| Veröffentlicht: | 1993 |
| Format: | Aufsatz |
| Sprache: | Deutsch |
X
alg: 39257988 001A $01999:11-11-16 001B $03025:30-03-26 $t16:14:26.000 001D $01999:11-11-16 001U $0utf8 001X $00 002@ $0Aox 003@ $039257988X 007A $039257988X $aHEB 007T $0Herd55593 010@ $ager 011@ $a1993 021A $aPeregrinus von Oppeln (gest. um 1333) als Exeget 028A $7136322026 $8Wünsch, Thomas$Z1962- [Tp3] $9204466970 031A $d9 $h25-39 $j1993 037A $apol. Res.: Peregrinus z Opola († ok. 1333) jako egzegeta 039B $aIn $8--Abvc--. Oberschlesisches Jahrbuch. - Ratingen : Stiftung Haus Oberschlesien, 1985-2009. - ISSN 0930-6978 $x199300000090000975 $904709043X 044K $#Peregrinus $#Peregrinus$#Pérégrin $#Pérégrin $#Pérégrin $#Peregrinus $#Peregrinus $#Pilgrim $#Pilgrim $#Peregrinus $#Pérégrin $#Peregrinus $#Peregryn $#Peregrinus $#Oppeln, Peregrinus de $#Pérégrin $#Peregrinus $#Peregrinus $#Peregrinus $#Peregrinus $#Peregrinus $#Peregrinus $7100380824 $8$PPeregrinus$lde Oppeln$Z1260-1335 [Tp1] $9086820729 045F $a200.9438509023 $eDDC23BSB 045F/01 $a200.9 045F/03 $f09023 045F/03 $f09022 045F/03 $g4385 045R $aGeschichte 1260-1335 045T $a8,1 lok: 39257988 78 exp: 39257988 78 1 #EPN 201B/01 $030-03-26 $t16:14:26.000 201U/01 $0utf8 203@/01 $0788678027 208@/01 $a11-11-16 $be 209A/01 $a/ $f000 $x00 220C/01 $aTitelaufnehmer: jb;ed 220C/01 $aHerkunft: HI Marburg;IH UWr 244Z/01 $2Trx $#Silesia $#Śląsk $#Sliezsko $#Slezsko $8--Trx--Schlesien $x01 $9391173987 244Z/01 $2Trx $#Poola $#Lenkija $#Polija $#Polen Land $#Poland $#Lengyelország $#Poľsko $#Polsko $8--Trx--Polska$gkraj $x02 $9391345966 244Z/01 $#Oppeln $71008442-3 $8--Tg1--Opole $x03 $9041913132 244Z/01 $aGeschichte 1260-1335 $x04 244Z/01 $2Trx $#Peregrinus $#Peregrinus $#Pérégrin $#Pérégrin $#Pérégrin $#Peregrinus $#Peregrinus $#Pilgrim $#Pilgrim $#Peregrinus $#Pérégrin $#Peregrinus $#Peregryn $#Peregrinus $#Oppeln, Peregrinus de $#Pérégrin $#Peregrinus $#Peregrinus $#Peregrinus $#Peregrinus $#Peregrinus $#Peregrinus $7100380824 $8--Tp1--$PPeregrinus$lde Oppeln$Z1260-1335 $x05 $9086820729 244Z/01 $2Trx $#kirik, Rooma-Katoliku $#bažnyčia, Romos katalikų $#Church, Roman-Catholic $#Római katolikus templom $#kościół rzymskokatolicki $#cirkev rímsko-katolícka $#církev římsko-katolická $8--Trx--Kirche, römisch-katholische $x06 $9391382845 244Z/01 $2Trx $#teoloogid $#teologai $#theologians $#teológusok $#teologowie $#teológovia $#teologové $8--Trx--Theologen $x07 $9391364359 244Z/01 $2Trx $#Piibel $#Biblija $#Bībele $#Bible $#Biblia $#Biblia $#biblia $#bible $8--Trx--Bibel $x08 $939135485X 244Z/01 $2Trx $#ordud dominiiklased $#ordinas dominikonų $#order Dominicans $#szerzetesrendek Dominikánusok $#zakony, dominikanie $#rád, dominikáni $#řád, dominikáni $#Dominikaner $#dominikáni $8--Trx--Orden$gDominikaner $x09 $9391372351 244Z/01 $2Trx $8--Trx--Zeitschriftenaufsatz $x10 $9391384341 245Z/01 $a12.03 $x01 247C/01 $82080>Marburg/Lahn, Herder-Institut, Forschungsbibliothek, Bibliographieportal $9336309341
| LEADER | 00000caa a22000002c 4500 | ||
|---|---|---|---|
| 001 | 39257988X | ||
| 003 | DE-603 | ||
| 005 | 20260330161426.0 | ||
| 007 | tu | ||
| 008 | 161111s1993 xx |||| | u00||u|ger c | ||
| 035 | |a (DE-599)HEB39257988X | ||
| 040 | |a DE-603 |b ger |c DE-603 |d DE-603 | ||
| 041 | |a ger | ||
| 082 | 0 | 4 | |8 1\u |a 200.9438509023 |q DE-101 |2 23/BSB |
| 084 | |a 8,1 |2 ssgn | ||
| 085 | |8 1\u |b 200.9 | ||
| 085 | |8 1\u |z 1 |s 09023 | ||
| 085 | |8 1\u |z 1 |s 09022 | ||
| 085 | |8 1\u |z 2 |s 4385 | ||
| 100 | 1 | |a Wünsch, Thomas |d 1962- |0 (DE-603)204466970 |0 (DE-588)136322026 |2 gnd | |
| 245 | 0 | 0 | |a Peregrinus von Oppeln (gest. um 1333) als Exeget |
| 264 | 0 | |c 1993 | |
| 500 | |a pol. Res.: Peregrinus z Opola († ok. 1333) jako egzegeta | ||
| 600 | 0 | 7 | |a Peregrinus |c de Oppeln |d 1260-1335 |0 (DE-588)100380824 |0 (DE-603)086820729 |2 gnd |
| 648 | 7 | |a Geschichte 1260-1335 |2 gnd | |
| 773 | 0 | 8 | |i In |t Oberschlesisches Jahrbuch |d Ratingen : Stiftung Haus Oberschlesien, 1985-2009 |h 24 cm |x 0930-6978 |g Band 9 (1993), Seite 25-39 |w (DE-603)04709043X |w (DE-600)82431-8 |
| 924 | 0 | |9 2080 |a (DE-603)788678027 |b DE-2080 |c HES |d d |g / | |


